[Event "GER-ch U25"]
[Site "Oberhof"]
[Date "2010.05.28"]
[Round "8"]
[White "Geldner, Gerrit"]
[Black "Jorczik, Andreas Carlos"]
[Result "1/2-1/2"]
[WhiteElo "1594"]
[BlackElo "1779"]
[PlyCount "42"]
[EventDate "2010.05.22"]
[EventType "swiss"]
[EventRounds "9"]
[EventCountry "GER"]
[SourceTitle "CBM 136 Extra"]
[Source "ChessBase"]
[SourceDate "2010.07.02"]
[SourceVersion "2"]
[SourceVersionDate "2010.07.15"]
[SourceQuality "1"]

1. f4 f5 2. Nf3 Nf6 3. b3 b6 4. Bb2 Bb7 5. c4 e6 6. e3 c5 7. Be2 g6 8. 0-0 Bg7 9. Ne5 d6 10. Bf3 Bxf3 11. Qxf3 d5 12. d3 0-0 13. Nc3 Na6 14. Rad1 Rc8 15. g4 d4 16. g5 Nd7 17. Nxd7 Qxd7 18. Nb5 Nb4 19. exd4 a6 20. a3 Nc2 21. Rd2 Nxd4 1/2-1/2

[Event "GER-ch U25"]
[Site "Oberhof"]
[Date "2010.05.25"]
[Round "4"]
[White "Jorczik, Andreas Carlos"]
[Black "Heinz, Maria"]
[Result "1-0"]
[WhiteElo "1779"]
[BlackElo "1203"]
[PlyCount "55"]
[EventDate "2010.05.22"]
[EventType "swiss"]
[EventRounds "9"]
[EventCountry "GER"]
[SourceTitle "CBM 136 Extra"]
[Source "ChessBase"]
[SourceDate "2010.07.02"]
[SourceVersion "2"]
[SourceVersionDate "2010.07.15"]
[SourceQuality "1"]

1. d4 Nf6 2. c4 e6 3. Nc3 c5 4. d5 d6 5. e4 exd5 6. cxd5 Be7 7. f4 Nbd7 8. Nf3 Nb6 9. a4 Bg4 10. Be2 0-0 11. 0-0 Re8 12. h3 Bxf3 13. Bxf3 Bf8 14. Re1 a6 15. e5 dxe5 16. fxe5 Nfd7 17. Bf4 Nc4 18. e6 fxe6 19. dxe6 Nf6 20. Nd5 Bd6 21. Nxf6+ gxf6 22. Bd5 Qe7 23. Bxc4 Bxf4 24. Qg4+ Bg5 25. h4 Rab8 26. hxg5 fxg5 27. Re5 h6 28. Qh5 1-0

[Event "GER-ch U25 op"]
[Site "Willingen"]
[Date "2009.06.05"]
[Round "8"]
[White "Roehlich, Philipp"]
[Black "Jorczik, Andreas Carlos"]
[Result "0-1"]
[WhiteElo "1043"]
[BlackElo "1792"]
[PlyCount "60"]
[EventDate "2009.05.30"]
[EventType "swiss"]
[EventRounds "9"]
[EventCountry "GER"]
[SourceTitle "EXT 2010"]
[Source "ChessBase"]
[SourceDate "2010.11.25"]
[SourceVersion "1"]
[SourceVersionDate "2010.11.25"]
[SourceQuality "1"]

1. e4 c5 2. b3 Nc6 3. Bb2 e5 4. c3 d6 5. h3 Qb6 6. Nf3 g6 7. Na3 Bg7 8. Nc4 Qc7 9. d4 b5 10. Ne3 cxd4 11. cxd4 Qa5+ 12. Qd2 Qxd2+ 13. Nxd2 Rb8 14. Nf3 Nxd4 15. Nxd4 exd4 16. Nc2 a6 17. 0-0-0 Bb7 18. f3 Ne7 19. Ba3 d5 20. exd5 Nxd5 21. Bb2 Nc3 22. Re1+ Kd7 23. Bxc3 dxc3 24. Bd3 Rhe8 25. Rd1 Ke7 26. Nb4 Kf8 27. h4 Rbd8 28. h5 Re3 29. Bc2 Rxd1+ 30. Rxd1 Bh6 0-1

[Event "GER-ch U25 op"]
[Site "Willingen"]
[Date "2009.06.04"]
[Round "7"]
[White "Jorczik, Andreas Carlos"]
[Black "Matschewsky, Justus"]
[Result "0-1"]
[WhiteElo "1792"]
[BlackElo "1658"]
[PlyCount "48"]
[EventDate "2009.05.30"]
[EventType "swiss"]
[EventRounds "9"]
[EventCountry "GER"]
[SourceTitle "EXT 2010"]
[Source "ChessBase"]
[SourceDate "2010.11.25"]
[SourceVersion "1"]
[SourceVersionDate "2010.11.25"]
[SourceQuality "1"]

1. d4 Nf6 2. c4 e6 3. Nc3 Bb4 4. Nf3 c5 5. e3 d6 6. Bd2 0-0 7. a3 Bxc3 8. Bxc3 Ne4 9. Qc2 Nxc3 10. Qxc3 b6 11. g3 Bb7 12. Bg2 Qf6 13. 0-0 Bxf3 14. Bxf3 Qxf3 15. b4 Nd7 16. Rfd1 Nf6 17. bxc5 Ne4 18. Qc2 bxc5 19. dxc5 dxc5 20. Rd7 Ng5 21. Rad1 Nh3+ 22. Kf1 Qh1+ 23. Ke2 Qxh2 24. Kd3 Nxf2+ 0-1

[Event "GER-ch U25 op"]
[Site "Willingen"]
[Date "2009.06.02"]
[Round "5"]
[White "Jorczik, Andreas Carlos"]
[Black "Wachinger, David"]
[Result "1-0"]
[WhiteElo "1792"]
[BlackElo "1386"]
[PlyCount "41"]
[EventDate "2009.05.30"]
[EventType "swiss"]
[EventRounds "9"]
[EventCountry "GER"]
[SourceTitle "EXT 2010"]
[Source "ChessBase"]
[SourceDate "2010.11.25"]
[SourceVersion "1"]
[SourceVersionDate "2010.11.25"]
[SourceQuality "1"]

1. d4 d5 2. c4 c6 3. Nf3 Nf6 4. Nc3 e6 5. Bg5 Nbd7 6. e3 Be7 7. Qc2 0-0 8. cxd5 exd5 9. Bd3 h6 10. h4 Re8 11. 0-0-0 Bb4 12. Bxf6 Nxf6 13. Ne5 Be6 14. f3 Rc8 15. a3 Ba5 16. b4 Bb6 17. g4 a5 18. g5 hxg5 19. hxg5 Nd7 20. Qh2 Nxe5 21. Qh8# 1-0

[Event "GER-ch U25"]
[Site "Willingen"]
[Date "2007.05.29"]
[Round "6"]
[White "Lange, Marcus"]
[Black "Jorczik, Andreas Carlos"]
[Result "0-1"]
[WhiteElo "1181"]
[BlackElo "1842"]
[PlyCount "92"]
[EventDate "2007.05.26"]
[EventType "swiss"]
[EventRounds "9"]
[EventCountry "GER"]
[SourceTitle "CBM 118 Extra"]
[Source "ChessBase"]
[SourceDate "2007.07.04"]
[SourceVersion "1"]
[SourceVersionDate "2007.07.04"]
[SourceQuality "1"]

1. c4 e6 2. Nc3 Nf6 3. e3 d5 4. cxd5 exd5 5. Nge2 Bf5 6. g3 Bd6 7. Bg2 Qe7 8. 0-0 c6 9. d4 h5 10. Re1 h4 11. Nf4 h3 12. Bf3 g5 13. Nh5 Nxh5 14. Bxh5 Qe6 15. Bf3 g4 16. Be2 Nd7 17. Bd3 Nf6 18. Ne2 Be4 19. Nf4 Qf5 20. Bf1 0-0-0 21. Bd2 Rh7 22. Bc3 Rdh8 23. Rc1 Bg2 24. Qc2 Ne4 25. Qe2 Ng5 26. Bxg2 hxg2 27. h4 Nf3+ 28. Kxg2 Nxe1+ 29. Rxe1 Qe4+ 30. f3 gxf3+ 31. Qxf3 Rg8 32. Re2 Rxh4 33. Qxe4 dxe4 34. Rf2 Bxf4 35. Rxf4 Rxf4 36. exf4 f5 37. a4 Kd7 38. Bb4 Ke6 39. Bc5 b6 40. Bb4 Kd5 41. Bc3 Kc4 42. Kf2 Kd3 43. Be1 e3+ 44. Kf3 Kxd4 45. b4 Kd3 46. b5 c5 0-1

[Event "GER-ch op U25"]
[Site "Willingen"]
[Date "2006.06.09"]
[Round "9"]
[White "Jorczik, Andreas Carlos"]
[Black "Armbrust, Matthias"]
[Result "1/2-1/2"]
[WhiteElo "1867"]
[BlackElo "1739"]
[PlyCount "98"]
[EventDate "2006.06.04"]
[EventType "swiss"]
[EventRounds "9"]
[EventCountry "GER"]
[SourceTitle "EXT 2007"]
[Source "ChessBase"]
[SourceDate "2006.11.23"]
[SourceVersion "1"]
[SourceVersionDate "2006.11.23"]
[SourceQuality "1"]

1. d4 d5 2. c4 dxc4 3. e4 Nf6 4. Nc3 e6 5. Bxc4 Bb4 6. Bg5 h6 7. Bxf6 Qxf6 8. a3 Bxc3+ 9. bxc3 Nc6 10. Qd2 0-0 11. f4 Bd7 12. Nf3 Na5 13. Ba2 Qe7 14. 0-0 Rfd8 15. c4 Nc6 16. d5 exd5 17. exd5 Bg4 18. Qc3 Qc5+ 19. Kh1 Rxd5 20. Rad1 Rxd1 21. Rxd1 Bxf3 22. Qxf3 Rd8 23. Rxd8+ Nxd8 24. Qe2 Kf8 25. Qb2 h5 26. Qd2 Qd6 27. Qxd6+ cxd6 28. g3 a5 29. Kg2 Ne6 30. Bb1 Ke7 31. Be4 Nc7 32. Bxb7 Ke6 33. Kf3 d5 34. cxd5+ Nxd5 35. Ke4 Nb6 36. h3 f6 37. Bc6 g5 38. fxg5 fxg5 39. Be8 h4 40. gxh4 gxh4 41. Kf4 a4 42. Kg4 Kf6 43. Kxh4 Kg7 44. Kg5 Nc4 45. Bxa4 Nxa3 46. h4 Nc4 47. h5 Ne5 48. Be8 Nf7+ 49. Bxf7 Kxf7 1/2-1/2

[Event "GER-ch op U25"]
[Site "Willingen"]
[Date "2006.06.05"]
[Round "4"]
[White "Lantzsch, Christian"]
[Black "Jorczik, Andreas Carlos"]
[Result "1-0"]
[WhiteElo "2210"]
[BlackElo "1867"]
[PlyCount "43"]
[EventDate "2006.06.04"]
[EventType "swiss"]
[EventRounds "9"]
[EventCountry "GER"]
[SourceTitle "EXT 2007"]
[Source "ChessBase"]
[SourceDate "2006.11.23"]
[SourceVersion "1"]
[SourceVersionDate "2006.11.23"]
[SourceQuality "1"]

1. g3 c6 2. Bg2 d5 3. f4 Bf5 4. Nf3 Nd7 5. 0-0 Qb6+ 6. Kh1 Ngf6 7. d3 Ng4 8. Qe1 Ne3 9. Bxe3 Qxe3 10. Nc3 Nf6 11. Ne5 e6 12. Nd1 Qc5 13. e4 Bg4 14. Nf2 Qxc2 15. Nfxg4 Nxg4 16. Nxg4 Qxd3 17. Rd1 Qb5 18. exd5 cxd5 19. Rxd5 Qxb2 20. Rd2 Qb6 21. Qe4 f5 22. Qa4+ 1-0

[Event "GER-ch U25"]
[Site "Willingen"]
[Date "2005.05.17"]
[Round "5"]
[White "Jorczik, Andreas Carlos"]
[Black "Rafiee, Makan"]
[Result "0-1"]
[WhiteElo "1329"]
[BlackElo "1992"]
[PlyCount "36"]
[EventDate "2005.05.14"]
[EventType "swiss"]
[EventRounds "9"]
[EventCountry "GER"]
[SourceTitle "CBM 106 Extra"]
[Source "ChessBase"]
[SourceDate "2005.07.01"]
[SourceVersion "1"]
[SourceVersionDate "2005.07.01"]
[SourceQuality "1"]

1. d4 c5 2. d5 e5 3. c4 d6 4. Nc3 f5 5. Qc2 Nf6 6. Bg5 Be7 7. f3 Nxd5 8. Bxe7 Nxe7 9. Rd1 Nbc6 10. Qd2 Be6 11. e3 Nc8 12. b3 a6 13. g3 0-0 14. h4 f4 15. Ne4 fxe3 16. Qxe3 Nd4 17. Bd3 d5 18. Nxc5 Qa5+ 0-1

[Event "GER-ch U25"]
[Site "Willingen"]
[Date "2005.05.14"]
[Round "1"]
[White "Jorczik, Andreas Carlos"]
[Black "Jaehn, Michael"]
[Result "0-1"]
[WhiteElo "1329"]
[BlackElo "1977"]
[PlyCount "92"]
[EventDate "2005.05.14"]
[EventType "swiss"]
[EventRounds "9"]
[EventCountry "GER"]
[SourceTitle "CBM 106 Extra"]
[Source "ChessBase"]
[SourceDate "2005.07.01"]
[SourceVersion "1"]
[SourceVersionDate "2005.07.01"]
[SourceQuality "1"]

1. d4 d5 2. c4 e6 3. Nc3 Nf6 4. Nf3 dxc4 5. e4 Bb4 6. Qc2 c5 7. Be3 cxd4 8. Nxd4 0-0 9. Bxc4 Bxc3+ 10. bxc3 Qc7 11. Be2 Nxe4 12. Nb5 Qc6 13. Bd3 Nf6 14. 0-0 e5 15. Nxa7 Qe6 16. f3 h6 17. Qb3 Nc6 18. Nb5 Rd8 19. Bc4 Qe7 20. Rfd1 Bf5 21. Bb6 Rd7 22. a4 Na5 23. Bxa5 Rxa5 24. Rxd7 Nxd7 25. Qb4 Qc5+ 26. Qxc5 Nxc5 27. Nd6 Bg6 28. Bb5 Bd3 29. Bxd3 Nxd3 30. Nxb7 Ra7 31. Nd6 Nc5 32. a5 f6 33. Kf1 Nb3 34. Ke2 Nxa1 35. Kd3 Rd7 36. Kc4 Rxd6 37. Kb5 Nc2 38. Kc5 Re6 39. Kb5 f5 40. a6 Na3+ 41. Ka5 Nc4+ 42. Kb5 Nb6 43. c4 Nxc4 44. a7 Nb6 45. Ka6 e4 46. fxe4 fxe4 0-1